| 000 -LEADER |
| fixed length control field |
00564nam a2200205Ia 4500 |
| 001 - CONTROL NUMBER |
| control field |
8668 |
| 003 - CONTROL NUMBER IDENTIFIER |
| control field |
GE_BSU |
| 008 - FIXED-LENGTH DATA ELEMENTS--GENERAL INFORMATION |
| fixed length control field |
181216s||||||||xx |||||||||||||| ||und|| |
| 020 ## - INTERNATIONAL STANDARD BOOK NUMBER |
| International Standard Book Number |
9770869561004 |
| 040 ## - CATALOGING SOURCE |
| Transcribing agency |
GE_BSU |
| 245 ## - TITLE STATEMENT |
| Title |
Педагогика №10. 2013. |
| 245 ## - TITLE STATEMENT |
| Remainder of title |
Научн.-технич. журнал РА образования |
| 245 ## - TITLE STATEMENT |
| Statement of responsibility, etc. |
Гл. ред. Р.С.Бозиев |
| 260 ## - PUBLICATION, DISTRIBUTION, ETC. |
| Place of publication, distribution, etc. |
Москва |
| 260 ## - PUBLICATION, DISTRIBUTION, ETC. |
| Name of publisher, distributor, etc. |
ООО Педагогика |
| 260 ## - PUBLICATION, DISTRIBUTION, ETC. |
| Date of publication, distribution, etc. |
2013 |
| 300 ## - PHYSICAL DESCRIPTION |
| Extent |
128стр.24см. |
| 653 ## - INDEX TERM--UNCONTROLLED |
| Uncontrolled term |
Педагогика |
| 942 ## - ADDED ENTRY ELEMENTS (KOHA) |
| Koha item type |
პერიოდიკა |